Hospitales y cirujanos (Record no. 175996)

MARC details
000 -LEADER
campo de control de longitud fija 00806nam a22002175i 4500
001 - NÚMERO DE CONTROL
campo de control 175996
003 - IDENTIFICADOR DE NÚMERO DE CONTROL
campo de control ES-MaACL
005 - FECHA Y HORA DE LA ÚLTIMA TRANSACCIÓN
campo de control 20230906215948.0
008 - DATOS DE LONGITUD FIJA--INFORMACIÓN GENERAL
campo de control de longitud fija 101209s2007 sp |||| | spa d
080 ## - NÚMERO DE LA CLASIFICACIÓN DECIMAL UNIVERSAL
Número de la Clasificación Decimal Universal 725.51(460.27 M.)"19"
080 ## - NÚMERO DE LA CLASIFICACIÓN DECIMAL UNIVERSAL
Número de la Clasificación Decimal Universal 617(460.27 M.)"19"
100 1# - ENTRADA PRINCIPAL--NOMBRE DE PERSONA
Nombre de persona Vázquez González-Quevedo, Francisco.
9 (RLIN) 144213
245 10 - MENCIÓN DEL TÍTULO
Título Hospitales y cirujanos
Resto del título : Madrid 1940 = Hospitals and surgeons : Madrid 1940 /
Mención de responsabilidad, etc. Francisco de Vázquez de Quevedo.
260 ## - PUBLICACIÓN, DISTRIBUCIÓN, ETC.
Lugar de publicación, distribución, etc. Madrid :
Nombre del editor, distribuidor, etc. [s.n.],
Fecha de publicación, distribución, etc. 2007.
300 ## - DESCRIPCIÓN FÍSICA
Extensión P. 719-740 ;
Dimensiones 24 cm.
595 ## -
-- Separata de: Anales de la Real Academia Nacional de Medicina, Tomo CXXIV, Cuaderno Cuarto.
650 ## - PUNTO DE ACCESO ADICIONAL DE MATERIA--TÉRMINO DE MATERIA
Término de materia o nombre geográfico como elemento de entrada Hospitales-
Subdivisión geográfica Madrid.
9 (RLIN) 13482
650 #4 - PUNTO DE ACCESO ADICIONAL DE MATERIA--TÉRMINO DE MATERIA
Término de materia o nombre geográfico como elemento de entrada Cirujanos-
Subdivisión geográfica Madrid-
Subdivisión cronológica S.XX.
9 (RLIN) 144214
740 02 - ENTRADA AGREGADA--TÍTULO RELACIONADO/ANALÍTICO NO CONTROLADO
Título relacionado o analítico no controlado Hospitals and surgeons.
852 ## - LOCALIZACIÓN
Ubicación ES-MaACL
Número de control de estantería 2272-F-13
Holdings
Estatus retirado Estado de pérdida Estado de daño No para préstamo Colección Biblioteca de origen Biblioteca actual Ubicación en estantería Fecha de adquisición Fuente de adquisición Total de préstamos Signatura topográfica completa Código de barras Visto por última vez Precio de reemplazo Tipo de ítem Koha
        Colección de folletos Biblioteca del Ateneo de Madrid Biblioteca del Ateneo de Madrid Depósito folletos 09/12/2010     2272-F-13 1184825 23/02/2023 23/02/2023 Folleto